Statistics for Every Metroid Game

Click here to take the quiz!

General Stats

  • This quiz has been taken 130 times
    (90 since last reset)
  • The average score is 15 of 16

Answer Stats

Release YearConsoleMetroid Game% Correct
1986NESMetroid
100%
2021SwitchMetroid Dread
100%
2002GCNMetroid Prime
99%
2009WiiMetroid Prime Trilogy
99%
1994SNESSuper Metroid
99%
2004GCNMetroid Prime 2: Echoes
97%
2007WiiMetroid Prime 3: Corruption
97%
2002GBAMetroid Fusion
94%
Probably 2050 at this pointSwitchMetroid Prime 4
94%
1991GBMetroid II: Return Of Samus
93%
20173DSMetroid: Samus Returns
93%
2004GBAMetroid: Zero Mission
87%
2010WiiMetroid: Other M
85%
2005DSMetroid Prime Pinball
82%
20163DSMetroid Prime: Federation Force
81%
2006DSMetroid Prime Hunters
79%

Score Distribution

Percentile by Number Answered

Percent of People with Each Score

Your Score History

You have not taken this quiz since the last reset